000 00607cam a2200133 4500
008 020524n2002 000 0 eng u
035 _a(Sirsi) u118133
100 _aTweeddale, A.
245 _aKeep your contract zipped
260 _c2002
490 _aEstates Gazette
_v(0219) 11 May 2002, 143(1)
520 _aLooks at the purpose of entire agreement clauses (EACs) which are intended to clarify terms and conditions set out in contracts. The article emphasises that EACs need to be properly drafted in order to pass the reasonableness test contained in the Unfair Contract Terms Act 1977.
942 _n0
999 _c70350
_d70350